000 00516nam a2200205Ia 4500
003 OSt
005 20250205152825.0
008 210210b1973 xxu||||| |||| 00| 0 eng d
040 _cAL
041 _aKannada
082 _aK894.3 BICN
100 _aBICHI
_9131326
_dಬೀಚಿ
245 _anumber Aivattaidu
_bನಂಬರ್ ೫೫
260 _aBengaluru
_bPrakasha Sahitya
_c1973
300 _a104
650 _anambar 55
_9197918
690 _aKannada Fiction
_9131327
906 _a035150
942 _2ddc
_cBK
999 _c85987
_d85987